| 000 | 00483nam a22001817a 4500 | ||
|---|---|---|---|
| 005 | 20251108171738.0 | ||
| 008 | 250721s1983 xx 000 0 ara d | ||
| 082 | 1 | 4 | _a001.43/أحم |
| 100 | 1 | _aالظاهر، أحمد جمال | |
| 245 | 1 | 0 | _aالبحث العلمي الحديث / |
| 250 | _aط2 | ||
| 264 | 1 |
_aعمان : _bدار الفكر، _c1983. |
|
| 300 | _a297ص | ||
| 650 | 1 | 7 | _aالبحث |
| 650 | 1 | 7 | _aالبحث العلمي |
| 942 |
_2ddc _cBK |
||
| 999 |
_c61419 _d61419 |
||